Foundations of physical education, exercise science, and sport / (Record no. 16234)

000 -LEADER
fixed length control field 01171cam a22003014a 4500
001 - CONTROL NUMBER
control field 13860158
003 - CONTROL NUMBER IDENTIFIER
control field OSt
005 - DATE AND TIME OF LATEST TRANSACTION
control field 20161109102232.0
008 - FIXED-LENGTH DATA ELEMENTS--GENERAL INFORMATION
fixed length control field 050203s2006 maua b 001 0 eng
010 ## - LIBRARY OF CONGRESS CONTROL NUMBER
LC control number 2005041576
020 ## - INTERNATIONAL STANDARD BOOK NUMBER
International Standard Book Number 0072972807 (alk. paper)
040 ## - CATALOGING SOURCE
Original cataloging agency DLC
Transcribing agency DLC
Modifying agency DLC
042 ## - AUTHENTICATION CODE
Authentication code pcc
050 00 - LIBRARY OF CONGRESS CALL NUMBER
Classification number GV341
Item number .W85 2006
082 00 - DEWEY DECIMAL CLASSIFICATION NUMBER
Classification number 796/.07
Edition number 22
100 1# - MAIN ENTRY--PERSONAL NAME
Personal name Wuest, Deborah A.
245 10 - TITLE STATEMENT
Title Foundations of physical education, exercise science, and sport /
Statement of responsibility, etc. Deborah A. Wuest, Charles A. Bucher.
250 ## - EDITION STATEMENT
Edition statement 15th ed.
260 ## - PUBLICATION, DISTRIBUTION, ETC. (IMPRINT)
Place of publication, distribution, etc. Boston :
Name of publisher, distributor, etc. McGraw-Hill,
Date of publication, distribution, etc. c2006.
300 ## - PHYSICAL DESCRIPTION
Extent xv, 583 p. :
Other physical details ill. ;
Dimensions 24 cm.
504 ## - BIBLIOGRAPHY, ETC. NOTE
Bibliography, etc Includes bibliographical references and index.
700 1# - ADDED ENTRY--PERSONAL NAME
Personal name Bucher, Charles Augustus,
Dates associated with a name 2006
942 ## - ADDED ENTRY ELEMENTS (KOHA)
Source of classification or shelving scheme
Koha item type Hard Covered Materials
Classification part GV 341 .W85 2
Holdings
Withdrawn status Lost status Source of classification or shelving scheme Damaged status Not for loan Home library Current library Shelving location Date acquired Source of acquisition Total Checkouts Full call number Barcode Date last seen Price effective from Koha item type
          MACHAKOS UNIVERSITY LIBRARY MACHAKOS UNIVERSITY LIBRARY Technical section 09/11/2016 Donation(BFA)   GV 341 .W85 2006 22663 10/07/2018 09/11/2016 Hard Covered Materials
© Machakos University Library, Along The Highway, Machakos Wote Rd, Machakos, Kenya P.O. Box 136 - 90100 Machakos - Kenya

Tel: ( +254 ) 723 805829 OR Fax : 044-20353 OR Email: library@mksu.ac.ke